Pays ayant l'arabe comme langue officielle - Statistiques

Statistiques générales
  • Ce quiz a été pris 348 fois
  • Le résultat moyen est 22 sur 31
Statistiques - réponses
Continent Langue officielle Pays % Correct
Afrique avec 1 autre Algérie
98%
Asie Unique Arabie saoudite
97%
Afrique avec 1 autre Maroc
97%
Afrique Unique Egypte
94%
Afrique Unique Tunisie
94%
Afrique Unique Libye
90%
Asie avec 1 autre Irak
89%
Asie Unique Emirats arabes unis
86%
Asie Unique Qatar
86%
Asie Unique Syrie
86%
Asie Unique Oman
85%
Asie Unique Yémen
85%
Asie Unique Jordanie
82%
Afrique avec 1 autre Soudan
82%
Asie Unique Liban
80%
Asie Unique Koweït
79%
Afrique Unique Mauritanie
78%
Afrique avec 1 autre Somalie
71%
Asie avec 1 autre Bahreïn
68%
Asie avec 2 autres Pakistan
66%
Afrique avec 1 autre Soudan-du-Sud
62%
Afrique avec 1 autre Tchad
62%
Asie avec 1 autre Israël
61%
Afrique avec 1 autre Djibouti
59%
Afrique avec 1 autre Niger
56%
Afrique avec 2 autres Erythrée
49%
Afrique avec 2 autres Comores
47%
Asie avec 2 autres Bangladesh
41%
Asie avec 2 autres Chypre
35%
Europe avec 1 autre Malte
35%
Asie avec 2 autres Philippines
14%
Aucun quiz correspondant
Distribution des résultats
% des personnes avec chaque résultat
Percentile par nombre de réponses
Votre historique - résultats
Vous n’avez pas pris ce quiz